Music Quiz

Random Music or Billboard Quiz

'Uptown Funk' Lyrics Quiz Stats

Quiz Updated Mar 20, 2015

Challenge
Share
Tweet
Embed
Score 0/226 Timer 08:00
1 Play Today
% Correct
I
95.4%
up
94.9%
up,
94.9%
up
94.9%
up
94.9%
up
94.8%
up
94.8%
to
92.4%
to
92.4%
(Chorus)
91.1%
you (repeat 3X)
90.7%
Funk
90.6%
funk
90.5%
funk
90.5%
Funk
90.5%
Funk
90.5%
you
89.1%
you
89%
you
89%
you
89%
you
89%
you
89%
you
89%
the
88.8%
the
88.8%
the
88.8%
you
88.8%
you
88.8%
the
88.8%
the
88.6%
the
88.6%
Uptown
88.4%
Uptown
88.4%
Uptown
88.3%
Uptown
88.3%
Uptown
88.3%
a
86.7%
a
86.7%
a
86.7%
a
86.7%
a
86.7%
a
86.7%
it
86.2%
it
86.2%
it
86.2%
it
86.2%
it.
86.2%
it
86.2%
it
86.2%
it,
86.2%
in
79.9%
in
79.9%
in
79.9%
in
79.9%
me
76.6%
me
76.6%
me
76.6%
and
76.5%
and
76.5%
and
74.8%
This
74.6%
this
74.6%
C'mon (repeat 1X)
74.2%
(hot damn!)
73.9%
(hot damn!)
73.9%
(hot damn!)
73.9%
(hot damn!)
73.9%
Saint
73.7%
hot
73.6%
hot
73.6%
hot
73.6%
hot
73.6%
on
73.5%
on,
73.5%
on
73.5%
That
73.3%
% Correct
That
73.3%
that
73.3%
too
72.5%
too
72.5%
too
72.5%
too
72.5%
And
72.5%
my
72.1%
my
72.1%
my
72%
so
71.7%
Don't
71%
Don't
71%
Don't
71%
I'm
70.6%
I'm
70.6%
I'm
70.6%
I'm
70.6%
I'm
70.5%
I'm
70.5%
girls
70.5%
girls
70.5%
Girls
70.5%
just
68.7%
just
68.7%
we
67.5%
we
67.5%
we
67.5%
we
67.5%
Michelle
67.3%
white
66.3%
for
66.1%
believe
65.8%
believe
65.8%
gold,
65.7%
give
65.6%
gon'
64.7%
gon'
64.7%
watch!
64.7%
watch (repeat 6X)
64.6%
police
64.6%
fireman
64.3%
good
63.3%
cold
62.8%
ice
62.5%
them
60.9%
them
60.9%
(say whaa!?) (repeat 4X)
60.6%
Say
60.5%
city
60.5%
one,
59.7%
night
59%
who
58.2%
got
58.1%
gotta
57.7%
Saturday
57.5%
Saturday
57.5%
night
57.4%
livin'
57.4%
pretty.
57.2%
am.
57%
hood
55.9%
Straight
55.5%
man
55.3%
know
55.3%
retire,
55.2%
kiss
54.8%
myself
54.6%
name
53.7%
wanna
53.5%
dragon
51.4%
spot
51.2%
spot.
51.2%
call
50.8%
make
50.7%
hallelujah (repeat 3X)
49.6%
% Correct
Get
47.8%
hit
47.4%
hit
47.4%
Pfeiffer
46.8%
some
46.2%
Stylin'
45.2%
Cause
45.2%
Jackson,
44.9%
masterpieces
44.5%
down
43.8%
Mississippi
43.6%
put
42.9%
cup,
41.8%
If
41.5%
If
41.5%
If
41.5%
liquor
40.9%
show
39.6%
show
39.6%
show
39.6%
Fill
38.4%
Stop
38.3%
wait
38.3%
Hollywood,
38.2%
minute
38%
money
37.9%
Chucks
37.4%
'bout
37.2%
than
37.1%
Julio!
36.6%
stretch!
36.4%
Break
35.1%
with
35.1%
Harlem,
34.3%
then
33.7%
then
33.7%
fresh
33.1%
of
33%
Dance
32.9%
out
32.7%
Laurent
31.6%
Jump
31.4%
Smoother
31.1%
gonna
30.8%
we're
30.8%
sexy
30.6%
check
30.2%
Come
29.8%
come
29.8%
about
29.8%
Skippy
29.5%
sign
28%
flaunt
26.8%
Hey
25.4%
hey
25.4%
hey
25.4%
ohh.
25.4%
Take
25%
it's
24.5%
wilin'
23.3%
all
22.5%
own
22.5%
jar
21.9%
freaky
20.7%
sip,
20.3%
tell
19.6%
Before
17.4%
leave
17%
band
16.9%
Ride
16.7%
little
15.4%
something
15.3%
brag
14.5%
Well
11.1%

You're not logged in!

Compare scores with friends on all Sporcle quizzes.
Join for Free
OR
Log In

You Might Also Like...

Show Comments

Extras

Top Quizzes Today


Score Distribution

Your Account Isn't Verified!

In order to create a playlist on Sporcle, you need to verify the email address you used during registration. Go to your Sporcle Settings to finish the process.

Report this User

Report this user for behavior that violates our Community Guidelines.

Details: